• 首页
  • 本馆介绍
  • 公告通知
  • 最新文献
  • 馆藏检索
  • 电子资源
  • 读者导购
  • 参考咨询
  • 我的图书馆
  • 登录
  • 详细信息显示
  • 放入我的书架
  • 预约/预借图书
  • 作者相关作品
  • 分类相关作品
  • 丛书相关作品
  • 出版社相关作品

书目信息

  • 表格格式
  • 工作单格式
  • 卡片格式
题名:
通信英语
    
 
作者: 张筱华 , 石方文 编著
分册:  
出版信息: 北京   北京邮电大学出版社  2014.08
页数: 253页
开本: 23cm
丛书名:
单 册:
中图分类: TN91 , H31
科图分类:
主题词: 英语--英语--高等教育--教材
电子资源:
ISBN: 978-7-5635-4074-7
000 00992nam0 2200277 450
001 5606
005 20181016163725.54
010    @a978-7-5635-4074-7@dCNY34.00
100    @a20141104d2014 em y0chiy50 ea
101 0  @achi@aeng
102    @aCN@b110000
105    @ay z 000yy
200 1  @a通信英语@9tong xin ying yu@dEnglish on telecommunications@f张筱华,石方文编著@zeng
205    @a6版
210    @a北京@c北京邮电大学出版社@d2014.08
215    @a253页@d23cm
300    @a普通高等教育“十一五”国家级规划教材
330    @a本书共17个单元。内容主要涉及数字通信、数据通信、互联网、光纤通信、移动通信、交换技术、多媒体技术、云技术、宽带接入技术和下一代网络等,基本覆盖了当代通信的所有新技术领域。
510 1  @aEnglish on telecommunications@zeng
606 0  @a英语@x英语@x高等教育@j教材
690    @aTN91@v5
690    @aH31@v4
701  0 @a张筱华@9zhang xiao hua@4编著
701  0 @a石方文@9shi fang wen@4编著
801  0 @aCN@b91MARC@c20150426
905    @aMuseLib@dH31@e1705=6
    
    通信英语=English on telecommunications/张筱华,石方文编著.-6版.-北京:北京邮电大学出版社,2014.08
    253页;23cm
    普通高等教育“十一五”国家级规划教材
    
    ISBN 978-7-5635-4074-7:CNY34.00
    本书共17个单元。内容主要涉及数字通信、数据通信、互联网、光纤通信、移动通信、交换技术、多媒体技术、云技术、宽带接入技术和下一代网络等,基本覆盖了当代通信的所有新技术领域。
●
相关链接 在E读中查询图书 在五车中查询图书 在当当中查询图书 在豆瓣中查询图书


正题名:通信英语     索取号:H31/1705=6         预约/预借

序号 登录号 条形码 馆藏地/架位号 状态 备注
1 1130528   211305283   第二样本阅览室/ [索取号:H31/1705=6] 在馆    
2 1130529   211305292   第四借阅区/ [索取号:H31/1705=6] 在馆    
3 1130530   211305309   第四借阅区/ [索取号:H31/1705=6] 在馆    
4 1130531   211305318   密集书库—外国语学院/ [索取号:H31/1705=6] 在馆    
唐山师范学院图书馆 欢迎您!
大连网信软件有限公司© 版权所有